Physical electrochemistry: principles, methods, and applications

Guardat en:
Dades bibliogràfiques
Autor principal: Rubinstein, Israel (Autor)
Format: Llibre
Idioma:anglès
Publicat: Nueva York Marcel Dekker 1995
Col·lecció:Monographs in Electroanalytical Chemmistry and Electrochemistry Series
Matèries:
Etiquetes: Afegir etiqueta
Sense etiquetes, Sigues el primer a etiquetar aquest registre!

MARC

LEADER 00000nam a2200000 a 4500
001 UCP6121
003 CL-VaPUC
008 991008e19950000US |||||||||||||||||eng|d
082 0 4 |a 541.37  |b RUB  |2 21 
100 0 |a Rubinstein, Israel  |e author  |9 434976 
245 1 0 |a Physical electrochemistry: principles, methods, and applications 
300 |a 595 p 
942 |c BK 
945 |d 19991008 00:00:00  |a vberengu 
260 |a Nueva York  |b Marcel Dekker  |c 1995 
650 0 |a Electricidad  |9 260222 
650 0 |a Electroquímica  |9 263973 
650 0 |a Química física  |9 260596 
650 7 |a REACCIONES ELECTROQUIMICAS  |2 CL-VaPUC  |9 375557 
650 0 |a Semiconductores  |9 260250 
583 |a last modification  |c 20130123 02:15:30  |k Rodrigo Vera 
490 0 |a Monographs in Electroanalytical Chemmistry and Electrochemistry Series 
999 |c 283741  |d 283739 
952 |0 0  |1 0  |4 0  |6 541_370000000000000_RUB_1995  |7 0  |8 A  |9 327160  |a BIBCUR  |b BIBCUR  |d 2019-11-20  |i 3566390  |o 541.37 RUB 1995  |p 3566390  |r 2025-04-22  |w 2019-11-20  |y BK  |k BCB